Statistics for Countries of North America - Closest Country

Click here to take the quiz!

General Stats

  • This quiz has been taken 34 times
  • The average score is 21 of 23

Answer Stats

COUNTRY CLOSEST COUNTRY % Correct
CanadaUnited States
100%
BahamasCuba
100%
Costa RicaNicaragua
96%
HaitiDominican Republic
96%
CubaBahamas
96%
Antigua and BarbudaSaint Kitts and Nevis
93%
United StatesCanada
93%
HondurasEl Salvador
93%
BelizeGuatemala
93%
El SalvadorHonduras
93%
MexicoGuatemala
93%
Dominican RepublicHaiti
93%
NicaraguaHonduras
89%
PanamaCosta Rica
89%
GuatemalaBelize
89%
BarbadosSaint Lucia
89%
JamaicaCuba
85%
DominicaSaint Lucia
85%
GrenadaSaint Vincent and the Grenadines
85%
Trinidad and TobagoGrenada
81%
Saint Kitts and NevisAntigua and Barbuda
78%
Saint LuciaSaint Vincent and the Grenadines
78%
Saint Vincent and the GrenadinesSaint Lucia
78%

Score Distribution

Percentile by Number Answered

Percent of People with Each Score

Your Score History

You have not taken this quiz